000 01103naa a22002777a 4500
001 BR9602469
003 BR-BrBNA
005 20240918181455.0
007 ta
008 230509b bl.||||| |||| 00| 0 por d
040 _aBR-BrBNA
_bpor
_cBiblioteca Nacional de Agricultura
041 _a(Pt)
072 _aE70
090 _aE70 BR9602469
100 1 _aBuainain, A.M.
100 1 _aRezende, G. de C.
245 1 _aAjuste, inflacao e agricultura no Brasil: a experiencia dos anos oitenta
260 3 _aCampinas, SP (Brasil):
_c1995.
500 _aRamos, P.; Reydon, B.P. Agropecuaria e agroindustria no Brasil: ajuste, situacao atual e perspectivas Campinas, SP (Brasil): 1995. p. 23-41 (BR9602469-AM)E70
650 _aComercio Interno
650 _aInflacao
650 _aPreco Minimo
773 0 _tAgropecuaria e agroindustria no Brasil: ajuste, situacao atual e perspectivas
_aRamos, P.; Reydon, B.P.. Associacao Brasileira de Reforma Agraria, Campinas, SP (Brasil)
_wE70 BR9602469
_gCampinas, SP (Brasil), 1995. p. 23-41
909 _a202404
_bLucia
_c55
_dLucia Elande
942 _cAM
_2AGRIS
999 _c325411
_d325411